<?xml version="1.0" encoding="UTF-8"?>
<record
    xmlns:xsi="http://www.w3.org/2001/XMLSchema-instance"
    xsi:schemaLocation="http://www.loc.gov/MARC21/slim http://www.loc.gov/standards/marcxml/schema/MARC21slim.xsd"
    xmlns="http://www.loc.gov/MARC21/slim">

  <leader>00889nam a2200241 u 4500</leader>
  <controlfield tag="001">78359</controlfield>
  <controlfield tag="003">BD-RjUL</controlfield>
  <controlfield tag="005">20230814153650.0</controlfield>
  <controlfield tag="008">210916m1947    ua     ||    |000 0 ara||</controlfield>
  <datafield tag="035" ind1=" " ind2=" ">
    <subfield code="a">(BD-RjUL)78585</subfield>
  </datafield>
  <datafield tag="040" ind1=" " ind2=" ">
    <subfield code="a">UkOxU</subfield>
    <subfield code="b">eng</subfield>
    <subfield code="c">BD-RjUL</subfield>
  </datafield>
  <datafield tag="041" ind1=" " ind2=" ">
    <subfield code="a">ara</subfield>
  </datafield>
  <datafield tag="082" ind1=" " ind2=" ">
    <subfield code="2">23</subfield>
    <subfield code="a">181.947</subfield>
    <subfield code="b">GAT 1947</subfield>
  </datafield>
  <datafield tag="100" ind1="1" ind2=" ">
    <subfield code="a">&#x63A;&#x632;&#x627;&#x644;&#x64A;.;; Ghazali.</subfield>
    <subfield code="9">247773</subfield>
  </datafield>
  <datafield tag="245" ind1="1" ind2="0">
    <subfield code="a">&#x62A;&#x647;&#x627;&#x641;&#x62A; &#x627;&#x644;&#x641;&#x644;&#x627;&#x633;&#x641;&#x629; &#x644;&#x644;&#x625;&#x645;&#x627;&#x645; &#x627;&#x644;&#x63A;&#x632;&#x627;&#x644;&#x64A; ;; Tah&#x101;fut al-fal&#x101;sifah lil-Im&#x101;m.al-Gazzali /</subfield>
    <subfield code="c"> lil'iimam alghazalii sulayman dunya;;  &#x644;&#x644;&#x625;&#x645;&#x627;&#x645; &#x627;&#x644;&#x63A;&#x632;&#x627;&#x644;&#x64A; ; &#x633;&#x644;&#x64A;&#x645;&#x627;&#x646; &#x62F;&#x646;&#x64A;&#x627;</subfield>
  </datafield>
  <datafield tag="260" ind1=" " ind2=" ">
    <subfield code="a">[al-Q&#x101;hirah] :&#x627;&#x644;&#x642;&#x627;&#x647;&#x631;&#x629;] :</subfield>
    <subfield code="b">dar al ahaul kutub,</subfield>
    <subfield code="c">1947</subfield>
  </datafield>
  <datafield tag="300" ind1=" " ind2=" ">
    <subfield code="a"> v. in 1 ;</subfield>
    <subfield code="c">25 cm.</subfield>
  </datafield>
  <datafield tag="505" ind1=" " ind2=" ">
    <subfield code="a">Vol. 1</subfield>
  </datafield>
  <datafield tag="650" ind1=" " ind2="0">
    <subfield code="a">Islam and philosophy.</subfield>
    <subfield code="9">247774</subfield>
  </datafield>
  <datafield tag="700" ind1="0" ind2="2">
    <subfield code="a">Ghazz&#x101;l&#x12B;,</subfield>
    <subfield code="d">1058-1111.</subfield>
    <subfield code="9">5691</subfield>
  </datafield>
  <datafield tag="880" ind1="0" ind2="2">
    <subfield code="6">700-05/(3/r</subfield>
    <subfield code="a">&#x62E;&#x648;&#x62C;&#x647; &#x632;&#x627;&#x62F;&#x647;.</subfield>
    <subfield code="t">&#x62A;&#x647;&#x627;&#x641;&#x62A; &#x627;&#x644;&#x641;&#x644;&#x627;&#x633;&#x641;&#x629;.</subfield>
  </datafield>
  <datafield tag="942" ind1=" " ind2=" ">
    <subfield code="2">ddc</subfield>
    <subfield code="c">BK</subfield>
  </datafield>
  <datafield tag="999" ind1=" " ind2=" ">
    <subfield code="c">78359</subfield>
    <subfield code="d">78359</subfield>
  </datafield>
  <datafield tag="952" ind1=" " ind2=" ">
    <subfield code="0">0</subfield>
    <subfield code="1">0</subfield>
    <subfield code="2">ddc</subfield>
    <subfield code="4">0</subfield>
    <subfield code="7">1</subfield>
    <subfield code="8">NFIC</subfield>
    <subfield code="a">RUCL</subfield>
    <subfield code="b">RUCL</subfield>
    <subfield code="c">Reading</subfield>
    <subfield code="d">2021-09-13</subfield>
    <subfield code="o">A 181.947 GAT 1947</subfield>
    <subfield code="r">2021-09-13 00:00:00</subfield>
    <subfield code="t">C-1</subfield>
    <subfield code="y">BK</subfield>
  </datafield>
</record>
